000 00612nji a22001937a 4500
005 20150803150740.0
007 dpl
008 150803b xxu||||| |||| 00| 0 eng d
010 _aDVD-008739
024 _c599.00
028 _bAnu Electronics
035 _aDVD-008739
245 _a21 & Over/
260 _aDelhi
_bAnu Electronics
270 _a Shop No. 562, Old Lajpat Market, Chandni Chowk
_bDelhi
_e110006
300 _a1 disc
942 _2ddc
_cCF
999 _c95423
_d95423